| 000 -NÁVESTIE |
| fixed length control field |
00568nam a2200181 a 4500 |
| 008 - ÚDAJE S PEVNOU DĹŽKOU – VŠEOBECNÉ INFORMÁCIE |
| fixed length control field |
950301s1986---yCZ 0 cze c |
| 040 ## - ZDROJ KATALOGIZÁCIE |
| Pôvodná katalogizujúca agentúra |
SNK |
| Jazyk katalogizácie |
slo |
| Prepisujúca agentúra |
SNK |
| Konvencie popisu |
AACR2 |
| 041 1# - KÓD JAZYKA |
| Kód jazyka textu/zvukovej stopy alebo samostatných nápisov |
cze |
| 044 ## - KÓD KRAJINY VYDAVATEĽA/PRODUCENTA |
| Kód krajiny MARC |
CZ |
| 020 ## - MEDZINÁRODNÉ ŠTANDARDNÉ ČÍSLO KNIHY (ISBN) |
| Údaje o dostupnosti |
120 |
| 100 1# - OSOBNÉ MENÁ – VŠEOBECNÉ INFORMÁCIE |
| Osobné meno |
Bartošková, Šárka |
| Kód roly |
aut |
| 245 10 - NÁZOV |
| Názov |
Filmové profily |
| Zvyšok názvu |
Českoslovenští scenáristé, režiséri, kameramani, ... |
| Údaj o zodpovednosti atď. |
Šárka Bartošová, Luboš Bartošek |
| 250 ## - ÚDAJ O PORADÍ VYDANIA |
| Údaj o poradí vydania |
2. upr. a dop. vyd. |
| 260 ## - VYDAVATEĽSKÉ ÚDAJE, DISTRIBÚCIA ATĎ. |
| Miesto publikovania, distribúcie atď. |
Praha |
| Názov vydavateľa, distibútora atď. |
Čs. filmový ústav |
| Dátum publikovania, distribúcie atď. |
1986 |
| Miesto výroby |
Plzeň |
| Výrobca |
Stráž |
| 300 ## - FYZICKÝ POPIS |
| Rozsah |
520 s. |
| Rozmery |
8ř |
| 700 1# - PRIDANÝ VSTUP – OSOBNÉ MENO |
| Osobné meno |
Bartošek, Luboš |
| Kód roly |
aut |
| 958 ## - Formálny deskriptor |
| Formálny deskriptor |
A |